Normal view
MARC view
- ORGANIZATIONAL THEORY, DESIGN, AND CHANGE
Entry Topical Term
001 - CONTROL NUMBER
- control field: 67424
003 - CONTROL NUMBER IDENTIFIER
- control field: NUST
005 - DATE AND TIME OF LATEST TRANSACTION
- control field: 20210628203823.0
008 - FIXED-LENGTH DATA ELEMENTS
- fixed length control field: 210628|| aca||aabn | a|a d
040 ## - CATALOGING SOURCE
- Original cataloging agency: NUST
- Transcribing agency: NUST
150 ## - HEADING--TOPICAL TERM
- Topical term or geographic name entry element: ORGANIZATIONAL THEORY, DESIGN, AND CHANGE
670 ## - SOURCE DATA FOUND
- Source citation: Work cat.: (NUST): Jones, Gareth R 67423, Organizational theory, design, and change, 2014
